000 00813nam a22001817a 4500
003 OSt
005 20251216091441.0
008 251216b |||||||| |||| 00| 0 eng d
040 _cDCL
082 _a၂၉၄.၃၈၂၄
100 0 _aသေဋ္ဌိလ၊
_cအရှင်
245 1 0 _aလက်တွေ့အသုံးချ အဘိဓမ္မာတရားတော် /
_cအရှင်သေဋ္ဌိလ။
250 _aတတိယအကြိမ်။
260 _aရန်ကုန် ၊
_bဇော်ဂျီဖိုလ်ဝင်စာအုပ်တိုက်၊
_c၂၀၂၁။
300 _a၁၃၀ စာမျက်နှာ ၊
_c၁၉ စင်တီ။
650 _aအဘိဓမ္မာ။
942 _2ddc
_cSHORT TERM
_n0
999 _c2725
_d2725